000 00501cam a2200205ua 4500
001 8034
005 20260515114303.0
008 150105n ii |||gr||||Z||||||hin
040 _cMAIN
041 _ahin
082 _a891.434
100 _aMadhuresh,
_eEditor.
245 1 _aMoila aanchal ka mahatba
_cEdited by Madhuresh
250 _a1st.
260 _aIlahabad:
_bSumit,
_c2000.
300 _a182p.
653 _aEast Indo-European & Celtic literatures
653 _aHindi essays
942 _cBK
999 _c7146
_d7146